[Event "Provincial-ch Xabia Preferente"]
[Site "Valencia"]
[Date "2012.11.24"]
[Round "7"]
[White "Teal, Edward"]
[Black "Jimenez Castejon, Victor"]
[Result "1/2-1/2"]
[WhiteElo "1812"]
[BlackElo "1201"]
[PlyCount "63"]
[EventDate "2012.10.06"]
[EventType "swiss"]
[EventRounds "7"]
[EventCountry "ESP"]
[SourceTitle "EXT 2024"]
[Source "ChessBase"]
[SourceDate "2023.10.10"]
[SourceVersion "1"]
[SourceVersionDate "2023.10.10"]
[SourceQuality "1"]

1. e4 e5 2. Nf3 Nc6 3. c3 Be7 4. d4 d6 5. d5 Nb8 6. Be3 c6 7. Bc4 b5 8. Bb3 c5 9. a4 c4 10. Bc2 Qa5 11. Nbd2 b4 12. Nxc4 Qc7 13. Bd3 bxc3 14. bxc3 Nf6 15. h3 Ba6 16. Nfd2 0-0 17. Rc1 Nbd7 18. 0-0 Nc5 19. Bxc5 Qxc5 20. Qc2 Nh5 21. Ne3 Bxd3 22. Qxd3 Nf4 23. Qc2 Ne2+ 24. Kh1 Nxc1 25. Rxc1 Bg5 26. Ndf1 Rab8 27. Qe2 Qa3 28. Rd1 Rb2 29. Qg4 Bxe3 30. Nxe3 Rxf2 31. Nf5 g6 32. Qh4 1/2-1/2